LEADER 01479nam a2200289 4500 001 000000355438 003 CaOOAMICUS 005 20231114154958.0 008 230922s2021 it a 000 u ita r 020 $a978-88-922238-1-3 040 $aSeMil$bita 100 1 $aBenotti, Riccardo,$d<1982- >.$0(OLS)http://semarc/name/118303 245 10$aCovid-19 : preti in prima linea :$bstorie stra-ordinarie di chi ha dato la vita e di chi non si è arreso /$cRiccardo Benotti ; [presentazione del card. Gualtiero Bassetti ; prefazione del card. Angelo De Donatis]. 264 1$aCinisello Balsamo :$bSan Paolo,$c2021. 300 $a460 p. :$bill. ;$c21 cm 541 0 $aOmaggio mons. Mario Delpini (3X III 222) 650 4$aCovid-19 - Testimonianze.$0(OLS)http://semarc/subject/49662 700 1 $aBassetti, Gualtiero,$c.$0(OLS)http://semarc/name/77915 700 1 $aDe Donatis, Angelo,$c.$0(OLS)http://semarc/name/109392 850 $aSeMil 852 $aSeMil$W1$xVenegono$y1$m3X III 222$j244475$B246704$CSeMilBibl$Z2$F246704 $81 941 1 $a7 961 $aOmaggio mons. Mario Delpini 996 $6020$a978-88-922238-1-3$9(OLS)http://semarc/number/298911 996 $6245$aCovid-19 : preti in prima linea :$bstorie stra-ordinarie di chi ha dato la vita e di chi non si è arreso$9(OLS)http://semarc/title/445630 996 $6264$aCinisello Balsamo :$bSan Paolo$9(OLS)http://semarc/publisher/30129 LEADER 01343nam a2200253 4500 001 000000338668 003 CaOOAMICUS 005 20191223123340.0 008 191223s1793 it 000 u ita r 026 $auae- i-a- 5.l. gide (3) 1793 (R) 040 $aSeMil$bita 100 11$aCernitori, Giuseppe.$0(OLS)http://semarc/name/110688 245 00$aBiblioteca polemica degli scrittori che dal 1770. sino al 1793. hanno o difesi, o impugnati i dogmi della cattolica romana chiesa. Opera di d. Giuseppe Cernitori ... 264 1$aRoma :$bNella Stamperia Salomoni,$c1793. 300 $a[8], 266, [2] p. ;$c4° 500 $aMarca xilogr. (Monogramma incorniciato) sul front. 500 $aSegn.: *? A-2I? 2K? (2K? bianca) 650 4$aApologetica - Opere anteriori al 1900.$0(OLS)http://semarc/subject/2578 700 1 $aSalomoni, Generoso,$c.$0(OLS)http://semarc/name/6919 850 $aSeMil 852 $aSeMil$W1$xVenegono$y1$m3X VI 35 FA$j217660$B229828$CSeMilBibl$Z2$F229828 $8I 996 $6245$aBiblioteca polemica degli scrittori che dal 1770. sino al 1793. hanno o difesi, o impugnati i dogmi della cattolica romana chiesa. Opera di d. Giuseppe Cernitori ...$9(OLS)http://semarc/title/427479 996 $6264$aRoma :$bNella Stamperia Salomoni$9(OLS)http://semarc/publisher/38716